| 000 | 00533nam a2200217Ia 4500 | ||
|---|---|---|---|
| 003 | OSt | ||
| 005 | 20221126123232.0 | ||
| 008 | 210210b2012 xxu||||| |||| 00| 0 eng d | ||
| 020 | _a9780071765763 | ||
| 040 | _cAL | ||
| 041 | _aeng | ||
| 082 | _a574.192 MURH | ||
| 100 |
_aMURRAY (Robert K) and others _963929 |
||
| 245 | _aHarpers illustrated biochemistry | ||
| 250 | _a29 | ||
| 260 |
_aNew York _bMcGraw Hill company _c2012 |
||
| 300 | _axii, 818 | ||
| 690 |
_aBiochemistry _963930 |
||
| 906 | _a069240 | ||
| 942 |
_2ddc _cBK |
||
| 999 |
_c153345 _d153345 |
||